=LDR 00000nam 2200000 4500 =001 INLIS000000000015990 =005 20201106095957 =035 ##$$a 0010-061300000015990 =008 201106################g##########0#ind## =041 ##$$a Ind =082 ##$$a 307.095 98 =090 ##$$a 307.095 98, Tan k =100 ##$$a Taneko, Soleman =245 1#$$a Konsepsi sistem sosial dan sistem sosial Indonesia, /$c Soleman B. Taneko SH =260 ##$$a Jakarta :$b Fajar Agung,$c 1986 =300 ##$$a xii,156 hlm. ; $c 14 x 21 cm =650 #4$$a Masyarakat - sistem sosial =850 ##$$a NBPNMAT =084 ##$$a 307.095 98 TAN k =250 ##$$a cet.1 =990 ##$$a 52.342/pro.93 =990 ##$$a 52.345/pro.93 =990 ##$$a 00056325